[Event "Titled Tue 20th May Early"]
[Site "chess.com INT"]
[Date "2025.05.20"]
[Round "9"]
[White "Martinez Alcantara, Jose Eduardo"]
[Black "Bortnyk, Olexandr"]
[Result "1/2-1/2"]
[WhiteTitle "GM"]
[BlackTitle "GM"]
[WhiteElo "2611"]
[BlackElo "2601"]
[WhiteFideId "3805662"]
[BlackFideId "14120828"]
[EventDate "2025.05.20"]

1. e4 d6 2. d4 Nf6 3. Bd3 e5 4. c3 d5 5. dxe5 Nxe4 6. Nf3 Nc6 7. Nbd2 Nc5 8. Be2
Be7 9. O-O O-O 10. Nb3 Bg4 11. Bf4 Ne6 12. Bg3 a6 13. Re1 Qd7 14. Qc2 Rad8 15.
Rad1 Qc8 16. Rd2 Bh5 17. Qd1 Bg6 18. Rxd5 Rxd5 19. Qxd5 Rd8 20. Qc4 Qd7 21. a4
h6 22. h3 Bc2 23. Bf1 Bg6 24. Kh2 Qe8 25. Nbd4 Ncxd4 26. Nxd4 Qd7 27. Nxe6 fxe6
28. Be2 c6 29. Bg4 Bf7 30. Rd1 Qc8 31. Rxd8+ Bxd8 32. Qd3 Be7 33. f4 Qd8 34.
Qxd8+ Bxd8 35. Bf2 h5 36. Be2 Kf8 37. b4 Ke8 38. a5 Kd7 39. h4 g6 40. Kg3 Be7
41. Kf3 Ke8 42. g3 Kd7 43. Ke4 Ke8 44. Bb6 Kd7 45. Kd4 Be8 46. Bd3 Bf7 47. Bc5
Bd8 48. c4 Be8 49. Kc3 Bf7 50. Kb3 Kc8 51. Be4 Be8 52. Kc3 Bf7 53. Be3 Be8 54.
Kb3 Be7 55. Bd3 Kb8 56. Bd2 Kc8 57. Kc2 Kb8 58. Kd1 Kc8 59. Ke2 Kb8 60. Kf3 Kc8
61. Kg2 Kc7 62. Kh3 b5 63. axb6+ Kxb6 64. c5+ Kb7 65. Bc4 Bf7 66. g4 hxg4+ 67.
Kxg4 Bd8 68. Bd3 Be7 69. Be4 Kc7 70. Be1 Bd8 71. Kf3 Be7 72. Ke2 Bd8 73. Kd3 Be7
74. Kc4 Bd8 75. Kb3 Be7 76. Bf3 Bd8 77. Ka4 Be7 78. Be4 Bd8 79. Bd3 Kb7 80. Bc4
Be7 81. Bf2 Bd8 82. Kb3 Be7 83. Kc2 Bd8 84. Kd1 Be7 85. Ke2 Bd8 86. Be1 Be7 87.
Kf3 Bd8 88. h5 gxh5 89. f5 Bg5 90. Bxe6 Bxe6 91. fxe6 Kc7 92. Ke4 Kd8 93. Kf5
Bc1 94. Kg6 Ke7 95. Kf5 Ba3 96. Bh4+ Ke8 97. Be1 Ke7 98. Bh4+ Ke8 99. Be1 Ke7 1/2-1/2

[Event "Titled Tue 20th May Early"]
[Site "chess.com INT"]
[Date "2025.05.20"]
[Round "9"]
[White "Barria Zuniga, Daniel"]
[Black "Manafov, Vugar"]
[Result "1-0"]
[WhiteTitle "IM"]
[BlackTitle "IM"]
[WhiteElo "2341"]
[BlackElo "2432"]
[WhiteFideId "3400816"]
[BlackFideId "13410814"]
[EventDate "2025.05.20"]

1. d4 Nf6 2. c4 e6 3. Nf3 Bb4+ 4. Nbd2 O-O 5. g3 c5 6. a3 Bxd2+ 7. Qxd2 cxd4 8.
Qxd4 Nc6 9. Qf4 d5 10. Bg2 e5 11. Nxe5 Nxe5 12. Qxe5 Re8 13. Qd4 Bg4 14. e3 dxc4
15. O-O Qxd4 16. exd4 Be2 17. Re1 Bd3 18. Bf4 Be4 19. Be5 Bxg2 20. Bxf6 Bd5 21.
Bg5 f6 22. Bd2 Kf7 23. Rxe8 Rxe8 24. Re1 Rd8 25. Re3 g5 26. f3 h5 27. Kf2 h4 28.
g4 Be6 29. Bc3 Rd5 30. h3 Ke7 31. f4 gxf4 32. Rf3 f5 33. g5 Kf7 34. Rxf4 Kg6 35.
Rxh4 Kxg5 36. Kg3 Rd8 37. Bd2+ Kf6 38. Rh6+ Kf7 39. Bg5 Rxd4 40. Rf6+ Ke7 41.
Rxf5+ Kd7 42. Rf2 Rd3+ 43. Rf3 Rd5 44. Bf6 b5 45. h4 a5 46. Bc3 b4 47. axb4 a4
48. Rf2 Rd3+ 49. Kf4 a3 50. Be5 a2 51. Rf1 Bd5 52. Ra1 Rf3+ 53. Kg5 Be6 54. Bc3
Rf5+ 55. Kg6 Rf2 56. Rxa2 Bf5+ 57. Kg5 Bd3 58. Ra5 Ke6 59. Re5+ Kd6 60. b5 Rc2
61. Re3 Rf2 62. Rh3 Rf5+ 63. Kg4 Rxb5 64. Kg3 Rh5 65. Kg4 Rd5 66. Kg3 Bf5 67.
Rh2 Bg6 68. Kf4 Ke6 69. Re2+ Kf7 70. Rd2 Bd3 71. Rh2 Rf5+ 72. Kg4 Rb5 73. h5 Kg8
74. h6 Kh7 75. Kf4 Rf5+ 76. Ke3 Rf7 77. Kd2 Re7 78. b3 Rd7 79. b4 Be4+ 80. Kc1
Bc6 81. Kb2 Rd1 82. Rd2 Rf1 83. Rd6 Be4 84. b5 Rb1+ 85. Ka2 Rxb5 86. Bd2 Kg8 87.
Rd8+ Kf7 88. Rd7+ Kg8 89. Rg7+ Kf8 90. Rd7 Kg8 91. Rg7+ Kh8 92. Rd7 Rb3 93. Bf4
Rb5 94. Be3 1-0

[Event "Titled Tue 20th May Early"]
[Site "chess.com INT"]
[Date "2025.05.20"]
[Round "10"]
[White "Perry, Patrick"]
[Black "Skiadopoulos, Nikolaos"]
[Result "0-1"]
[BlackTitle "CM"]
[WhiteElo "2296"]
[BlackElo "1882"]
[WhiteFideId "30917727"]
[BlackFideId "4200772"]
[EventDate "2025.05.20"]

1. e4 c5 2. d4 cxd4 3. Nf3 Nc6 4. Nxd4 e5 5. Nb5 d6 6. N1c3 a6 7. Na3 b5 8. Nd5
Nce7 9. c4 Nxd5 10. cxd5 Be7 11. Bd3 Bg5 12. Qg4 Bxg4 0-1

[Event "Titled Tue 20th May Early"]
[Site "chess.com INT"]
[Date "2025.05.20"]
[Round "10"]
[White "Jiganchine, Roman"]
[Black "Yushko, Olga"]
[Result "1-0"]
[WhiteTitle "CM"]
[BlackTitle "WFM"]
[WhiteElo "2205"]
[BlackElo "2036"]
[WhiteFideId "2603667"]
[BlackFideId "14114500"]
[EventDate "2025.05.20"]

1. Nf3 Nf6 2. c4 e6 3. b3 d5 4. Bb2 Be7 5. e3 O-O 6. Nc3 c5 7. d4 Nc6 8. Bd3
cxd4 9. exd4 h6 10. O-O b6 11. Qe2 dxc4 12. bxc4 Nxd4 13. Nxd4 Qxd4 14. Nd5 Qc5
15. Bxf6 Bxf6 16. Qe4 Rd8 17. Qh7+ Kf8 18. Qh8# 1-0

[Event "Titled Tue 20th May Early"]
[Site "chess.com INT"]
[Date "2025.05.20"]
[Round "10"]
[White "Kvaloy, Aksel Bu"]
[Black "Karvatskyi, Oleksii"]
[Result "1-0"]
[WhiteTitle "IM"]
[BlackTitle "CM"]
[WhiteElo "2479"]
[BlackElo "2248"]
[WhiteFideId "1528815"]
[BlackFideId "14191059"]
[EventDate "2025.05.20"]

1. e4 c5 2. Nf3 d6 3. Bb5+ Nd7 4. O-O a6 5. Bxd7+ Bxd7 6. d4 cxd4 7. Qxd4 Nf6 8.
Nc3 g6 9. e5 dxe5 10. Nxe5 Bg7 11. Bg5 O-O 12. Rad1 Be6 13. Qxd8 Rfxd8 14. Be3
Nd5 15. Nxd5 Bxd5 16. Nd3 Bxa2 17. b3 Rac8 18. Nb4 Rxd1 19. Rxd1 1-0

[Event "Titled Tue 20th May Early"]
[Site "chess.com INT"]
[Date "2025.05.20"]
[Round "10"]
[White "Hambardzumian, Yuri"]
[Black "Vargas Benavides, Mauricio"]
[Result "0-1"]
[WhiteTitle "IM"]
[BlackTitle "FM"]
[WhiteElo "2301"]
[BlackElo "1935"]
[WhiteFideId "13302795"]
[BlackFideId "4404572"]
[EventDate "2025.05.20"]

1. f4 Nf6 2. Nf3 d5 3. e3 c5 4. d4 Nc6 5. c3 Bg4 6. Be2 e6 7. O-O Be7 8. Nbd2
O-O 9. Ne5 Bf5 10. a4 Rc8 11. Ndf3 h6 12. Bd3 Bxd3 13. Qxd3 Ne4 14. Nd2 Nxd2 15.
Bxd2 Nxe5 16. fxe5 Qb6 17. Rab1 Qb3 18. Rf3 c4 19. Qf1 Qxa4 20. Rg3 Qc2 21. e4
Qxd2 0-1

[Event "Titled Tue 20th May Early"]
[Site "chess.com INT"]
[Date "2025.05.20"]
[Round "10"]
[White "Sitnic, Adnan"]
[Black "Porozhnyak, Maya"]
[Result "1-0"]
[WhiteTitle "CM"]
[BlackTitle "WCM"]
[WhiteElo "2105"]
[BlackElo "1974"]
[WhiteFideId "14403854"]
[BlackFideId "34115843"]
[EventDate "2025.05.20"]

1. e4 c5 2. f4 a6 3. Nf3 d5 4. exd5 Qxd5 5. Nc3 Qd8 6. Ne5 Nf6 7. Qf3 e6 8. b3
Qc7 9. Bb2 Nbd7 10. O-O-O Bd6 11. Nc4 Bxf4 12. g3 Bh6 13. Ne4 Nxe4 14. Qxe4 O-O
15. Bd3 g6 16. h4 Bg7 17. Bxg7 Kxg7 18. h5 Nf6 19. Qf3 Nd5 20. hxg6 fxg6 21.
Rxh7+ Kxh7 22. Qxf8 Nf6 23. Rh1+ Nh5 24. Rxh5# 1-0

[Event "Titled Tue 20th May Early"]
[Site "chess.com INT"]
[Date "2025.05.20"]
[Round "10"]
[White "Zepeda Berlanga, Jan Enrique"]
[Black "Bodemar, Jonathan"]
[Result "0-1"]
[WhiteTitle "CM"]
[BlackTitle "CM"]
[WhiteElo "1941"]
[BlackElo "2150"]
[WhiteFideId "5132355"]
[BlackFideId "6205488"]
[EventDate "2025.05.20"]

1. e4 e6 2. d4 d5 3. Nc3 Nf6 4. e5 Nfd7 5. f4 c5 6. Nf3 Nc6 7. Be3 Be7 8. Be2
O-O 9. O-O b6 10. f5 cxd4 11. Nxd4 Ndxe5 12. f6 Bxf6 13. Bb5 Bd7 14. Qe2 Nxd4
15. Bxd4 Nf3+ 16. Rxf3 Bxd4+ 17. Kh1 Bxc3 18. Rxc3 Bxb5 19. Qxb5 Rc8 20. Rg3
Rxc2 21. Rf1 Qc7 22. Qd3 Rc1 23. Rf3 Rxf1+ 24. Rxf1 0-1

[Event "Titled Tue 20th May Early"]
[Site "chess.com INT"]
[Date "2025.05.20"]
[Round "10"]
[White "Toncheva, Nadya"]
[Black "Chogdov, Munkhbat"]
[Result "1-0"]
[WhiteTitle "FM"]
[BlackTitle "FM"]
[WhiteElo "2332"]
[BlackElo "2238"]
[WhiteFideId "2924056"]
[BlackFideId "13200860"]
[EventDate "2025.05.20"]

1. e4 e5 2. Nf3 Nc6 3. Bb5 Bc5 4. O-O Nge7 5. c3 O-O 6. d4 exd4 7. cxd4 Bb6 8.
d5 Nb8 9. Nc3 d6 10. Qe2 Bg4 11. Be3 Nd7 12. h3 Bh5 13. g4 Bg6 14. Bxb6 axb6 15.
Nd4 Kh8 16. f4 h6 17. f5 Bh7 18. Bxd7 Qxd7 19. Qg2 f6 20. Ne6 Rfe8 21. h4 Bg8
22. g5 Bxe6 23. fxe6 Qd8 24. gxf6 gxf6 25. Rxf6 Ng8 26. Rf7 1-0

[Event "Titled Tue 20th May Early"]
[Site "chess.com INT"]
[Date "2025.05.20"]
[Round "10"]
[White "Popov, Tikhon"]
[Black "Kononenko, Dmitry2"]
[Result "1-0"]
[WhiteTitle "CM"]
[BlackTitle "FM"]
[WhiteElo "2173"]
[BlackElo "2205"]
[WhiteFideId "24252026"]
[BlackFideId "14113538"]
[EventDate "2025.05.20"]

1. d4 Nf6 2. Bf4 d6 3. Nc3 g6 4. e4 Bg7 5. Qd2 Nbd7 6. Bh6 O-O 7. O-O-O c6 8. h4
b5 9. f3 a5 10. h5 a4 11. hxg6 fxg6 12. Bxg7 Kxg7 13. Qh6+ Kg8 14. Nh3 Rf7 15.
Ng5 Nf8 16. e5 Nh5 17. Nxf7 Kxf7 18. Ne4 Ke8 19. exd6 exd6 20. Re1 Kd7 21. Rxh5
gxh5 22. Qg7+ Qe7 23. Nf6+ Kc7 24. Rxe7+ Kb6 25. Qxf8 a3 26. Qd8+ Ka6 27. Qxd6
axb2+ 28. Kxb2 Ka5 29. Qa3+ Kb6 30. Qxa8 1-0

[Event "Titled Tue 20th May Early"]
[Site "chess.com INT"]
[Date "2025.05.20"]
[Round "10"]
[White "Manafov, Vugar"]
[Black "Goryachkina, Aleksandra"]
[Result "1-0"]
[WhiteTitle "IM"]
[BlackTitle "GM"]
[WhiteElo "2432"]
[BlackElo "2544"]
[WhiteFideId "13410814"]
[BlackFideId "4147103"]
[EventDate "2025.05.20"]

1. d4 d5 2. Nf3 Nf6 3. c4 e6 4. Nc3 Nbd7 5. e3 c6 6. Qc2 Bd6 7. Bd3 dxc4 8. Bxc4
O-O 9. O-O e5 10. h3 Qe7 11. Rd1 e4 12. Ng5 Nb6 13. Bb3 Bf5 14. f3 Rae8 15.
Ngxe4 Nxe4 16. fxe4 Bxe4 17. Nxe4 Qxe4 18. Qxe4 Rxe4 19. Bc2 Re7 20. e4 Rd8 21.
Bg5 f6 22. Bh4 c5 23. e5 Bc7 24. exf6 Rf7 25. dxc5 1-0

[Event "Titled Tue 20th May Early"]
[Site "chess.com INT"]
[Date "2025.05.20"]
[Round "10"]
[White "Diachek, Andrii"]
[Black "Anakok, Deniz"]
[Result "1-0"]
[WhiteTitle "CM"]
[BlackTitle "CM"]
[WhiteElo "2226"]
[BlackElo "2058"]
[WhiteFideId "34106499"]
[BlackFideId "51603586"]
[EventDate "2025.05.20"]

1. c4 Nf6 2. Nf3 e6 3. e3 d5 4. b3 Be7 5. Bb2 O-O 6. Be2 Nbd7 7. Nc3 c5 8. cxd5
exd5 9. d4 Ne4 10. Nxd5 cxd4 11. Qxd4 Bf6 12. Nxf6+ Ndxf6 13. Qxd8 Rxd8 14. Nd4
Bd7 15. f3 Nd6 16. e4 Re8 17. Kf2 a6 18. Rhd1 Nb5 19. Nxb5 Bxb5 20. Bxb5 axb5
21. b4 Red8 22. a3 Nd7 23. Rd6 Kf8 24. Rad1 Ke7 25. Bxg7 Nb6 26. Bf6+ 1-0

[Event "Titled Tue 20th May Early"]
[Site "chess.com INT"]
[Date "2025.05.20"]
[Round "10"]
[White "Lukiyanchuk, Vladislav"]
[Black "Weetik, Vjacheslav"]
[Result "0-1"]
[BlackTitle "FM"]
[WhiteElo "2299"]
[BlackElo "2423"]
[WhiteFideId "14127113"]
[BlackFideId "4153472"]
[EventDate "2025.05.20"]

1. d4 d5 2. Nf3 Nf6 3. Nc3 g6 4. Bf4 Bg7 5. Nb5 Na6 6. e3 Nh5 7. Be5 f6 8. Bg3
c6 9. Nc3 e5 10. Bxa6 bxa6 11. e4 Nxg3 12. hxg3 dxe4 13. Nxe4 f5 14. Nc3 e4 15.
Ne5 c5 16. Nc6 Qb6 17. d5 Qxb2 18. Ne2 Qxa1 0-1

[Event "Titled Tue 20th May Early"]
[Site "chess.com INT"]
[Date "2025.05.20"]
[Round "10"]
[White "Berezin, Viktor RUS"]
[Black "Bigabylov, Zhuban"]
[Result "0-1"]
[WhiteTitle "FM"]
[BlackTitle "FM"]
[WhiteElo "1921"]
[BlackElo "2031"]
[WhiteFideId "4128869"]
[BlackFideId "13701495"]
[EventDate "2025.05.20"]

1. e4 e5 2. Nf3 Nc6 3. Bb5 a6 4. Ba4 Nf6 5. O-O Bc5 6. Nxe5 Nxe5 7. d4 b5 8. Bb3
Bxd4 9. Qxd4 d6 10. Bg5 c5 11. Bxf6 gxf6 12. Qc3 c4 13. f4 Qb6+ 14. Kh1 Ng4 15.
Bxc4 bxc4 16. h3 h5 17. Qxc4 Ne3 0-1

[Event "Titled Tue 20th May Early"]
[Site "chess.com INT"]
[Date "2025.05.20"]
[Round "10"]
[White "Hernandez Izquierdo, Jose A."]
[Black "Herrera Ortiz, Miguel"]
[Result "0-1"]
[WhiteTitle "IM"]
[BlackTitle "IM"]
[WhiteElo "2223"]
[BlackElo "2174"]
[WhiteFideId "3527263"]
[BlackFideId "5100550"]
[EventDate "2025.05.20"]

1. e4 e6 2. d4 d5 3. Nc3 Bb4 4. e5 c5 5. a3 Bxc3+ 6. bxc3 Nc6 7. Nf3 Qa5 8. Qd2
Nge7 9. a4 Bd7 10. Bd3 c4 11. Bf1 f6 12. h4 O-O-O 13. exf6 gxf6 14. h5 e5 0-1

[Event "Titled Tue 20th May Early"]
[Site "chess.com INT"]
[Date "2025.05.20"]
[Round "10"]
[White "Pacheco, Daniel"]
[Black "Pham, Le Thao Nguyen"]
[Result "0-1"]
[WhiteTitle "FM"]
[BlackTitle "IM"]
[WhiteElo "2191"]
[BlackElo "2388"]
[WhiteFideId "101680"]
[BlackFideId "12401226"]
[EventDate "2025.05.20"]

1. d4 d5 2. c4 c6 3. Nf3 Nf6 4. Nbd2 a6 5. g3 Bf5 6. Bg2 e6 7. O-O Nbd7 8. c5 h6
9. b4 Be7 10. Nb3 O-O 11. a4 Re8 12. Ne5 Nxe5 13. dxe5 Nd7 14. f4 a5 15. Ba3
axb4 16. Bxb4 b6 17. Qc1 bxc5 18. Nxc5 Qb6 19. a5 Bxc5+ 0-1

[Event "Titled Tue 20th May Early"]
[Site "chess.com INT"]
[Date "2025.05.20"]
[Round "10"]
[White "Gelman, Alexander"]
[Black "Aravindh, Chithambaram VR."]
[Result "1/2-1/2"]
[WhiteTitle "IM"]
[BlackTitle "GM"]
[WhiteElo "2403"]
[BlackElo "2749"]
[WhiteFideId "4118316"]
[BlackFideId "5072786"]
[EventDate "2025.05.20"]

1. d4 g6 2. Nc3 Bg7 3. e4 d6 4. f4 Nf6 5. Nf3 O-O 6. e5 dxe5 7. fxe5 Nd5 8. h4
c5 9. h5 cxd4 10. Qxd4 Nxc3 11. Qxc3 Nc6 12. hxg6 hxg6 13. Qc4 Nxe5 14. Qh4
Nxf3+ 15. gxf3 Qa5+ 16. Kf2 Qh5 17. Qxh5 gxh5 18. Rxh5 Be6 19. Bd3 f6 20. Bh6
Bxh6 21. Rxh6 Kf7 22. Rh7+ Ke8 23. Bb5+ Bd7 24. Bxd7+ Kxd7 25. Rd1+ Ke8 26. Re1
Rf7 27. Rh8+ Rf8 28. Rh7 Rf7 29. Rh8+ Rf8 30. Rh7 1/2-1/2

[Event "Titled Tue 20th May Early"]
[Site "chess.com INT"]
[Date "2025.05.20"]
[Round "10"]
[White "Nimmy, A.G."]
[Black "Shuvalov, Evgenij"]
[Result "1-0"]
[WhiteTitle "WIM"]
[WhiteElo "1990"]
[BlackElo "1986"]
[WhiteFideId "5015308"]
[BlackFideId "4187237"]
[EventDate "2025.05.20"]

1. e4 e6 2. d4 d5 3. exd5 exd5 4. Bd3 c5 5. c3 Nf6 6. Nf3 Nc6 7. O-O Be7 8. h3
O-O 9. Re1 h6 10. Bf4 Qb6 11. Qd2 c4 12. Bc2 Re8 13. Bxh6 gxh6 14. Qxh6 Ne4 15.
Rxe4 dxe4 16. Bxe4 Ne5 17. Qh7+ Kf8 18. Qh8# 1-0

[Event "Titled Tue 20th May Early"]
[Site "chess.com INT"]
[Date "2025.05.20"]
[Round "10"]
[White "Haug, Havard"]
[Black "Kosteniuk, Alexandra"]
[Result "1-0"]
[WhiteTitle "FM"]
[BlackTitle "GM"]
[WhiteElo "2354"]
[BlackElo "2479"]
[WhiteFideId "1547887"]
[BlackFideId "4128125"]
[EventDate "2025.05.20"]

1. e4 c6 2. d4 d5 3. Nd2 dxe4 4. Nxe4 Nf6 5. Ng5 Bf5 6. N1f3 h6 7. Nxf7 Kxf7 8.
Ne5+ Ke8 9. Bc4 e6 10. g4 Be4 11. f3 Bh7 12. Bxe6 Bg8 13. Bf5 Bh7 14. Qd3 Bd6
15. Bxh7 Bxe5 16. Bg6+ Ke7 17. dxe5 Qxd3 18. exf6+ Kxf6 19. Bxd3 1-0

[Event "Titled Tue 20th May Early"]
[Site "chess.com INT"]
[Date "2025.05.20"]
[Round "10"]
[White "Mishra, Abhimanyu"]
[Black "Gadzhiev, Ruslan"]
[Result "1-0"]
[WhiteTitle "GM"]
[BlackTitle "CM"]
[WhiteElo "2605"]
[BlackElo "2169"]
[WhiteFideId "30920019"]
[BlackFideId "55671926"]
[EventDate "2025.05.20"]

1. e4 e6 2. d4 d5 3. Nc3 Bb4 4. exd5 exd5 5. Bd3 Nf6 6. Ne2 O-O 7. O-O c6 8. h3
Bd6 9. Bf4 Re8 10. Qd2 Be6 11. Rae1 Qc7 12. Bxd6 Qxd6 13. f4 b5 14. f5 Bd7 15.
Nf4 Na6 16. g4 Qb4 17. Nfe2 Qxb2 18. a3 Nc7 19. Ra1 b4 20. Na4 Rxe2 21. Bxe2 Ne4
22. Qd3 1-0

[Event "Titled Tue 20th May Early"]
[Site "chess.com INT"]
[Date "2025.05.20"]
[Round "10"]
[White "Gong, Qianyun"]
[Black "Nugumanov, Bakhtiyar"]
[Result "0-1"]
[WhiteTitle "WGM"]
[BlackTitle "IM"]
[WhiteElo "2265"]
[BlackElo "2305"]
[WhiteFideId "8602425"]
[BlackFideId "13701797"]
[EventDate "2025.05.20"]

1. d4 Nf6 2. c4 e6 3. Nf3 Bb4+ 4. Bd2 c5 5. Bxb4 cxb4 6. g3 O-O 7. Bg2 Nc6 8. d5
Ne7 9. d6 Nc6 10. O-O a5 11. c5 b6 12. Nbd2 bxc5 13. Rc1 Ba6 14. Rxc5 Qb6 15.
Rc1 a4 16. Re1 a3 17. b3 Rac8 18. e4 Ng4 19. Rf1 Bxf1 20. Qxf1 Nce5 21. Rd1
Nxf3+ 22. Bxf3 Ne5 23. Bg2 Rc2 24. h3 Rxa2 25. Kh2 Qxd6 26. f4 Rxd2 0-1

[Event "Titled Tue 20th May Early"]
[Site "chess.com INT"]
[Date "2025.05.20"]
[Round "10"]
[White "Cunha, Lucas Aguiar"]
[Black "Piddubna, Bozhena"]
[Result "1-0"]
[WhiteTitle "FM"]
[BlackTitle "WFM"]
[WhiteElo "2254"]
[BlackElo "2174"]
[WhiteFideId "2125404"]
[BlackFideId "34109293"]
[EventDate "2025.05.20"]

1. e4 e5 2. Nf3 Nc6 3. Nc3 Nf6 4. Bb5 Bb4 5. O-O a6 6. Bxc6 dxc6 7. Nxe5 O-O 8.
d3 Re8 9. Nc4 Bg4 10. f3 Be6 11. Ne3 c5 12. Ne2 b5 13. c3 Ba5 14. Kh1 Bb6 15.
Nf4 Bc8 16. Ned5 c6 17. Nxb6 Qxb6 18. Qe1 Qc7 19. Qg3 Qe5 20. Be3 b4 21. d4 cxd4
22. Bxd4 Qe7 23. cxb4 g6 24. Rac1 Bd7 25. Bc5 Qd8 26. Rfd1 Qc8 27. Qg5 Qd8 28.
Bd4 Nh5 29. Qxd8 Raxd8 30. Nxh5 gxh5 31. Bf6 1-0

[Event "Titled Tue 20th May Early"]
[Site "chess.com INT"]
[Date "2025.05.20"]
[Round "10"]
[White "Zaw, Ye Htut"]
[Black "Khodabandeh, Milad"]
[Result "1-0"]
[WhiteTitle "CM"]
[BlackTitle "CM"]
[WhiteElo "2180"]
[BlackElo "1957"]
[WhiteFideId "13013955"]
[BlackFideId "12538620"]
[EventDate "2025.05.20"]

1. e4 e5 2. Nf3 Nc6 3. Bb5 a6 4. Ba4 Nf6 5. d3 b5 6. Bb3 Bc5 7. O-O d6 8. a4 Bg4
9. c3 Rb8 10. axb5 axb5 11. Bg5 h6 12. Bh4 g5 13. Bg3 O-O 14. Nbd2 Qd7 15. Qc1
Rfe8 16. Ra6 Bb6 17. Re1 Nh5 18. Nf1 Kg7 19. Nxg5 Nxg3 20. Nxg3 hxg5 21. Qxg5+
Kf8 22. h3 Be6 23. Nh5 Bxb3 24. Nf6 Qe6 25. Nh7# 1-0

[Event "Titled Tue 20th May Early"]
[Site "chess.com INT"]
[Date "2025.05.20"]
[Round "10"]
[White "Barria Zuniga, Daniel"]
[Black "Bernadskiy, Vitaliy"]
[Result "0-1"]
[WhiteTitle "IM"]
[BlackTitle "GM"]
[WhiteElo "2341"]
[BlackElo "2523"]
[WhiteFideId "3400816"]
[BlackFideId "14100371"]
[EventDate "2025.05.20"]

1. d4 d6 2. Nf3 g6 3. c4 Bg7 4. e4 Nf6 5. Nc3 O-O 6. Be2 Nbd7 7. Be3 e5 8. d5
Ng4 9. Bg5 f6 10. Bh4 Nh6 11. Nd2 a5 12. f3 Nf7 13. a3 Bh6 14. Bf2 f5 15. O-O a4
16. Ndb1 Nc5 17. Bxc5 dxc5 18. Nxa4 Nd6 19. Nbc3 Be3+ 20. Kh1 Bd7 21. b4 b6 22.
bxc5 bxc5 23. Qc2 f4 24. Nb5 Qh4 25. Nac3 Nxb5 26. Nxb5 g5 27. Bd3 Rf6 0-1

[Event "Titled Tue 20th May Early"]
[Site "chess.com INT"]
[Date "2025.05.20"]
[Round "10"]
[White "Mikhalsky, Vladimir"]
[Black "Dilmukhametov, Artur"]
[Result "1-0"]
[BlackTitle "FM"]
[WhiteElo "2219"]
[BlackElo "2276"]
[WhiteFideId "14144352"]
[BlackFideId "24179922"]
[EventDate "2025.05.20"]

1. d4 Nf6 2. c4 g6 3. f3 Bg7 4. e4 d6 5. Nc3 O-O 6. Be3 c5 7. Nge2 cxd4 8. Nxd4
Nc6 9. Qd2 Qa5 10. Be2 Bd7 11. O-O Rac8 12. Nxc6 Bxc6 13. Nd5 Qd8 14. Bxa7 Bxd5
15. cxd5 Nd7 16. Bd4 Rc2 17. Qxc2 Bxd4+ 18. Kh1 e5 19. dxe6 fxe6 20. Qc4 Be5 21.
Qxe6+ Kh8 22. g3 Nc5 23. Qd5 Bxb2 24. Rad1 Rf6 25. Qxc5 1-0

[Event "Titled Tue 20th May Early"]
[Site "chess.com INT"]
[Date "2025.05.20"]
[Round "10"]
[White "Khafizova, Diana"]
[Black "May Sanchez, Andres Elias"]
[Result "0-1"]
[WhiteTitle "WFM"]
[WhiteElo "2073"]
[BlackElo "2209"]
[WhiteFideId "34378049"]
[BlackFideId "5150973"]
[EventDate "2025.05.20"]

1. Nf3 Nf6 2. g3 g6 3. Bg2 Bg7 4. O-O O-O 5. d4 c5 6. d5 d6 7. c4 e6 8. Nc3 exd5
9. cxd5 Re8 10. a4 a6 11. Nd2 Nbd7 12. e4 Rb8 13. Nc4 Ne5 14. Nxe5 Rxe5 15. f4
Re8 16. h3 b5 17. axb5 axb5 18. Qc2 b4 19. Ne2 Bd7 20. g4 b3 21. Qb1 Bb5 22. Re1
Nxd5 23. exd5 Bxe2 24. Bd2 Bd4+ 25. Kh2 Qh4 26. Ra7 Bf2 27. f5 Qg3+ 28. Kh1 Bf3
29. Bxf3 Qxh3# 0-1

[Event "Titled Tue 20th May Early"]
[Site "chess.com INT"]
[Date "2025.05.20"]
[Round "10"]
[White "Lyutsinger, Iren"]
[Black "Ruiz Aguilar, Pablo Alexander"]
[Result "1-0"]
[WhiteTitle "FM"]
[BlackTitle "FM"]
[WhiteElo "2266"]
[BlackElo "2141"]
[WhiteFideId "34425969"]
[BlackFideId "4401352"]
[EventDate "2025.05.20"]

1. e4 c6 2. d4 d5 3. e5 Bf5 4. h4 h6 5. Bd3 Bxd3 6. Qxd3 e6 7. Nf3 Nd7 8. O-O
Ne7 9. c4 dxc4 10. Qxc4 Nb6 11. Qd3 Nbd5 12. Nc3 Nf5 13. h5 Be7 14. Ne4 O-O 15.
a3 a5 16. Bd2 a4 17. g4 Nh4 18. Nxh4 Bxh4 19. f4 Be7 20. f5 Bg5 21. Bxg5 hxg5
22. f6 Nf4 23. Rxf4 gxf4 24. Qd2 Qd5 25. Qxf4 Qxd4+ 26. Kh1 Rfd8 27. Re1 Ra5 28.
Qg5 g6 29. Qh6 1-0

[Event "Titled Tue 20th May Early"]
[Site "chess.com INT"]
[Date "2025.05.20"]
[Round "10"]
[White "Setumadhav, Yellumahanthi"]
[Black "Dicen, Elis Denele"]
[Result "1-0"]
[WhiteTitle "FM"]
[BlackTitle "WFM"]
[WhiteElo "2254"]
[BlackElo "2135"]
[WhiteFideId "25920669"]
[BlackFideId "462560"]
[EventDate "2025.05.20"]

1. e4 c5 2. Nf3 d6 3. d4 cxd4 4. Nxd4 Nf6 5. Nc3 a6 6. Bg5 Nbd7 7. Bc4 h6 8.
Bxf6 Nxf6 9. Qe2 Qc7 10. O-O-O e6 11. f4 Be7 12. e5 dxe5 13. fxe5 Nd7 14. Bxe6
Nxe5 15. Bxc8 Rxc8 16. Nd5 Bg5+ 17. Kb1 Qd6 18. Nf5 Qg6 19. Qxe5+ Kf8 20. h4 Bd8
21. Rhe1 f6 22. Qd6+ Kg8 23. Nde7+ 1-0